00289nam a2200121Ia 4500008004100000082001500041100002600056245003500082250000800117260001800125300000800143650001600151191201s2019 xx 000 0 und d a006.3bJAN aJANG, Jyh shing roger 0aNeuro Fuzzy and Soft Computing aRep aN. DelhibPHI a614 aM.Tech(CSE)